Marvel Cinematic Universe Timeline - Statistics

General Stats
  • This quiz has been taken 326 times
  • The average score is 15 of 24
Answer Stats
Date Year Event % Correct
? 965 A.D. {Loki}, son of Laufey is adopted by Odin
97%
Sep 30 1939 {Howard} Stark founds Stark Industries
89%
Dec 1 2015 {Peter} {Parker} is bitten by a genetically altered spider.
88%
Jan - May 1944 {Captain} {America} and the Howling Commandos destroys HYDRA facilities in Europe
85%
Nov 11 1940 Johann Schmidt became {Red} {Skull} after taking the Super Soldier Serum
78%
Jan 31 1998 Clint Barton asks {Natasha} {Romanoff} to join S.H.I.E.L.D.
77%
- 1946 {S.H.I.E.L.D.} is formed
77%
Jan 9 2014 {Nick} {Fury} fakes his death after being attacked by HYDRA
76%
Nov 18 2009 {T'Challa} inherits the Black Panther from T'Chaka
76%
Apr 7 1984 {Hank} {Pym} created the ant man suit
75%
Nov 10 1988 Yondu retrieves {Peter} {Quill}
73%
Jun 17 2017 Surtur destroys {Asgard}
70%
May 2 2015 Tony Stark creates {Ultron}
69%
Nov 22 1963 John F. Kennedy assassinated by the {Winter} {Soldier}
60%
May 6 2015 Battle of {Sokovia}
59%
Jun 1 2010 Thor's {Mjolnir} dropped 50 miles west of Puente Antiguo
58%
- 1972 {Arnim} {Zola}'s consciousness is moved into a supercomputer
52%
Mar 3 2017 Dr. Strange learns how to use the {Eye} {of} {Agamotto}
52%
Oct 1940 As a MI5 agent, {Peggy} {Carter} Joins SSR
51%
? 2988 B.C. Malekith attempts to destroy the nine realms with the power of {Aether}
51%
Apr 16 2005 {Bruce} {Banner} tests the Biotech Force Enhancement Project on himself
48%
May 24 2016 Iron Man fights Captain America and the Winter Soldier in a HYDRA facility in {Siberia}
29%
May 15 2008 {Melinda} {May} nicknamed "The Calvary" after the rescue in Bahrain
20%
Mar 17 1990 {John} {Garrett} joins Project Deathlok
9%
No matching quizzes found
Score Distribution
Percent of People with Each Score
Percentile by Number Answered
Your Score History
You have not taken this quiz